| 000 | 00848nam a22002417a 4500 | ||
|---|---|---|---|
| 001 | BD-DhSAU 1226 | ||
| 003 | BD-DhSAU | ||
| 005 | 20150113023320.0 | ||
| 008 | 150113b1989 ii a|||| |||| 001 0 eng d | ||
| 020 | _a8122400884 | ||
| 040 | _aBD-DhSAU | ||
| 082 |
_222 _a595.7 _bGHC |
||
| 100 | _aGhosh, M.R. | ||
| 245 |
_aConcepts of insect control / _cM.R. Ghosh |
||
| 260 |
_aNew Delhi, India : _bWiley eastern limited. _c1989. |
||
| 300 |
_av, 273 p. : _bill. ; _c24 cm. |
||
| 504 | _aIncludes index. | ||
| 590 | _aMd. Sirajul Islam. | ||
| 650 | _aInsect | ||
| 650 | _aInsect control | ||
| 650 | _aEntomology | ||
| 856 | _uhttps://books.google.com.bd/books?id=IgjeORPkORwC&printsec=frontcover&dq=concepts+of+insects+control&hl=en&sa=X&ei=SvS0VPbCMoK2uATUnoCgCA&redir_esc=y#v=onepage&q=concepts%20of%20insects%20control&f=false | ||
| 942 |
_2ddc _cBOOK |
||
| 999 |
_c1226 _d1226 |
||